Largest Countries Without Borders Quiz Stats

 Plays Quiz Updated Apr 21, 2020

Support Sporcle.
Go Orange.
Score 0/16 Timer 04:00
2 Plays Today
Size (sq. km.) Country % Correct
7,741,220Australia
98.8%
267,710New Zealand
91.4%
587,041Madagascar
91.2%
377,915Japan
90.5%
110,860Cuba
86.7%
103,000Iceland
83.7%
10,991Jamaica
75.7%
65,610Sri Lanka
74.8%
Size (sq. km.) Country % Correct
300,000Philippines
73.6%
9,251Cyprus
69.6%
18,274Fiji
65.7%
35,980Taiwan
62.6%
13,880Bahamas
59.9%
5,128Trinidad and Tobago
52.7%
28,896Solomon Islands
47.8%
12,189Vanuatu
42%

You're not logged in!

Compare scores with friends on all Sporcle quizzes.
OR
Log In

From the Vault

Last 3 Letter Pairs: MLB Teams

by timschurz

This quiz will help us pretend that the baseball season had actually started.
Remove Ads.
Support Sporcle.
Get the best of Sporcle when you Go Orange. This ad-free experience offers more features, more stats, and more fun while also helping to support Sporcle. Thank you for becoming a member.

Show Comments

Extras

Top Quizzes Today


Score Distribution

Your Account Isn't Verified!

In order to create a playlist on Sporcle, you need to verify the email address you used during registration. Go to your Sporcle Settings to finish the process.

Report this User

Report this user for behavior that violates our Community Guidelines.

Details: